000 01019nam a22002897a 4500
003 URS
005 20250909131605.0
008 250113b |||||||| |||| 00| 0 eng d
020 _a978-0-443-10718-4
040 _bEnglish
_cURS
_erda
050 _aRT41
_b.C616p 2025
245 _aClinical nursing skills & techniques /
_cAnne Griffin Perry...[ and three others ].
250 _a11th edition.
264 _aSt. Louis :
_bMosby,
_c©2025.
300 _axviii, 13251 pages :
_billustrations ;
_c28 cm.
336 _2rdacontent
_atext
_btxt
337 _2rdamedia
_aunmediated
_bn
338 _2rdacarrier
_avolume
_bnc
504 _aIncludes bibliographical references and index.
650 0 _91051
_aNursing
_xHandbooks, manuals, etc.
650 0 _92037
_aClinical medicine
_xHandbooks, manuals, etc.
700 _aPerry, Anne Griffin,
_eauthor.
_91523
700 _aPotter, Patricia Ann,
_eauthor.
_91524
700 _aOstendorf, Wendy,
_eauthor.
_94289
700 _aLaplante, Nancy,
_eauthor.
_96175
942 _2lcc
_cR
999 _c81834
_d81833